50 Nomes mais populares do Brasil começando com V - Statistics

Estatísticas Gerais
  • Esse quiz foi jogado 349 vezes
  • A pontuação média é 22 de 50
Estatísticas das Respostas
# NOMES FREQUÊNCIA % Correto
1 Vitor/Victor 665.057
98%
4 Vitória 369.004
94%
2 Vanessa 418.838
85%
8 Valéria 184.492
74%
3 Vera 376.958
70%
9 Vilma 145.794
69%
26 Vivian 50.559
68%
6 Viviane 230.822
65%
40 Vander 15.447
64%
15 Verônica 119.827
63%
5 Vinícius 304.822
63%
10 Vânia 137.402
61%
12 Valter 131.448
60%
7 Valdir 188.122
58%
19 Vanda 76.593
58%
14 Vicente 126.329
58%
42 Valentina 14.318
56%
16 Valmir 116.623
55%
13 Vanderlei 127.559
53%
45 Valério 12.410
50%
11 Vagner 132.598
49%
23 Valquíria 58.921
48%
50 Vando 11.481
47%
31 Vanderléia 36.620
42%
24 Vilmar 55.836
42%
30 Virgínia 38.521
42%
48 Vitório 11.804
40%
22 Valdirene 59.220
39%
21 Vanusa/Vanuza 63.235
39%
20 Valdemir 76.232
38%
18 Valdemar 82.199
34%
27 Valdete 49.878
33%
17 Valdeci 83.124
32%
25 Valdomiro 54.023
31%
28 Vílson 43.319
31%
43 Vladimir 14.295
30%
32 Vanderson 32.539
29%
41 Vicentina 15.336
29%
47 Valcir 12.053
22%
29 Valdinei 41.975
22%
44 Valmor 14.045
21%
35 Vanilda 30.576
21%
37 Valdinéia 22.789
19%
34 Valdeir 31.352
18%
46 Vanildo 12.185
15%
38 Valdenice 20.774
14%
49 Vivaldo 11.730
11%
33 Valdivino 31.710
8%
39 Valdilene 16.169
6%
36 Valdelice 24.912
2%
Nenhum quiz correspondente encontrado
Distribuição das Pontuações
Porcentagem de Pessoas com Cada Pontuação
Percentil de Números Respondidos
Sua Pontuação Histórica
Você não jogou esse quiz